Master drawings
Guardat en:
| Autor principal: | |
|---|---|
| Format: | Llibre |
| Idioma: | anglès |
| Publicat: |
Nueva York
The Studio Publications Incorporated
1944
|
| Matèries: | |
| Etiquetes: |
Afegir etiqueta
Sense etiquetes, Sigues el primer a etiquetar aquest registre!
|
MARC
| LEADER | 00000nam a2200000 a 4500 | ||
|---|---|---|---|
| 001 | UCY8701 | ||
| 003 | CL-VaPUC | ||
| 008 | 950707e19440000US |||||||||||||||||eng|d | ||
| 082 | 0 | 4 | |a 759.4 |b HOL |2 21 |
| 100 | |a Holme, Bryan |e author |9 442883 | ||
| 245 | 1 | 0 | |a Master drawings |
| 300 | |a 128 p | ||
| 942 | |c BK | ||
| 945 | |d 19950707 00:00:00 |a rbrito | ||
| 260 | |a Nueva York |b The Studio Publications Incorporated |c 1944 | ||
| 650 | 0 | |a Pintura europea |9 340350 | |
| 650 | 7 | |a PINTORES EUROPEOS |2 CL-VaPUC |9 340351 | |
| 650 | 0 | |a Dibujos |9 264123 | |
| 650 | 0 | |a Renacimiento |9 255107 | |
| 583 | |a last modification |c 19950707 00:00:00 |k Rodrigo Vera | ||
| 999 | |c 235922 |d 235920 | ||
| 952 | |0 0 |1 0 |4 0 |6 759_400000000000000_HOL_1944 |7 0 |8 X |9 243664 |a BIBHIS |b BIBHIS |d 2019-11-18 |i 3099121 |o 759.4 HOL 1944 |p 3099121 |r 2024-01-30 |w 2019-11-18 |y BK_X |k HIS | ||